000 00616nam a2200229Ia 4500
003 OSt
005 20221007075148.0
006 a|||||r|||| 00| 0
007 ta
008 221006b |||||||| |||| 00| 0 eng d
024 _a18,069
037 _cTextual
040 _aFLL
_cFLL
_beng
041 _2eng
_aeng
082 _aY31:7:7.2.N7, M0
100 _aAnsari A.W. Au.
_9693571
245 0 _aChanging village india
260 _aNew Delhi
_bChetana publications India
_c1980
300 _a341p
_ccm.
942 _hY31:7:7.2.N7, M0
_cTEXL
_2CC
999 _c1155034
_d1155034